|
|
|
|
| LEADER |
00000nab a2200000 a 4500 |
| 001 |
vtls000403604 |
| 003 |
SK-MaSNL |
| 005 |
20260304013315.0 |
| 008 |
160204c1989 xo 0 slo |
| 015 |
|
|
|a SNBRA19rr/mm-uuuuu
|
| 035 |
|
|
|a CL0403728
|
| 040 |
|
|
|a SNKBUCL
|b slo
|c SNKBUCL
|e AACR2
|
| 041 |
0 |
|
|a slo
|
| 044 |
|
|
|a xo
|c SK
|
| 080 |
|
|
|a 517.17:517.911
|2 1981
|
| 080 |
|
|
|a 517.911
|2 1981
|
| 100 |
1 |
|
|a Pavlíková, Elena
|4 aut
|9 968385
|
| 245 |
1 |
0 |
|a Poznámka o vlastnostiach vyššej monotónnosti istých Sturmových-Liouvilleových funkcií
|c Elena Pavlíková
|
| 300 |
|
|
|b Res. slov., rus., nem., angl., lit. 8 zázn. v češ., nem., angl., franc.
|
| 650 |
0 |
7 |
|a funkcie Sturmove-Liouvilleove
|2 snkbucl
|9 968386
|
| 650 |
0 |
7 |
|a diferenciálne rovnice
|2 snkbucl
|9 63334
|
| 655 |
|
7 |
|a články zo zborníkov
|2 snkbucl
|9 166140
|
| 773 |
0 |
|
|t Práce a štúdie Vysokej školy dopravy a spojov v Žiline. Séria matematicko-fyzikálna. Zv. 6
|d Bratislava : Alfa, 1989
|g S. 25-33
|
| 850 |
|
|
|a Slovenská národná knižnica v Martine
|a MTA001
|
| 852 |
|
|
|a SNK
|b KIS3GCP
|
| 958 |
|
|
|a NB
|
| 958 |
|
|
|a RK
|
| 992 |
|
|
|a RZB
|
| 999 |
|
|
|c 2575252
|d 2577182
|